| 000 | 00368nam a22001217a 4500 | ||
|---|---|---|---|
| 999 |
_c1289 _d1289 |
||
| 005 | 20200828103425.0 | ||
| 008 | 200828b ||||| |||| 00| 0 eng d | ||
| 020 | _a0237508796 | ||
| 040 | _cCML | ||
| 245 |
_aEnglish Teaching in the Primary School. _cWilliams, D.J. |
||
| 260 |
_aLondon _bEvans Brothers _c1973 |
||
| 942 |
_2ddc _cBK _e1st Edition _h428 _mWIL |
||